[Event "Reykjavik op"]
[Site "Reykjavik"]
[Date "2024.03.19"]
[Round "7"]
[White "Asgeirsson, Adalsteinn Egill"]
[Black "De Castro, Manuel"]
[Result "0-1"]
[WhiteElo "1434"]
[BlackElo "1603"]
[PlyCount "56"]
[EventDate "2024.03.15"]
[EventType "swiss"]
[EventRounds "9"]
[EventCountry "ISL"]
[SourceTitle "CB13_2024"]
[SourceDate "2024.03.27"]
[SourceVersion "1"]
[SourceVersionDate "2024.03.27"]
[SourceQuality "1"]

1. e4 c5 2. Nc3 g6 3. Bc4 Nc6 4. f4 e6 5. Nf3 Bg7 6. 0-0 Nf6 7. d3 0-0 8. Qe1 d5 9. Bb3 Qb6 10. Kh1 Qd8 11. Be3 d4 12. Rd1 dxe3 13. Qxe3 Ng4 14. Qe2 Nf6 15. Ng5 Nd4 16. Qe1 h6 17. Nf3 Nxf3 18. Rxf3 b6 19. Qh4 Bb7 20. g4 Nh7 21. Qg3 Nf6 22. Re1 Nh7 23. h4 Qe7 24. f5 exf5 25. exf5 Bxf3+ 26. Qxf3 Qxh4+ 27. Kg2 Qg5 28. Qe4 gxf5 0-1